Clinical pharmacy and therapeutics. -- 3rd ed. (Record no. 37608)

MARC details
000 -LEADER
fixed length control field 00838nam a2200253 a 4500
008 - FIXED-LENGTH DATA ELEMENTS--GENERAL INFORMATION
fixed length control field 090326s2003 ||||||||||||||||| || u
020 ## - INTERNATIONAL STANDARD BOOK NUMBER
International Standard Book Number 0443071373
050 ## - LIBRARY OF CONGRESS CALL NUMBER
Classification number RM 262 Cli
100 ## - MAIN ENTRY--PERSONAL NAME
Personal name Edwards, Clive
245 10 - TITLE STATEMENT
Title Clinical pharmacy and therapeutics. -- 3rd ed.
Statement of responsibility, etc. edited by Roger Walker and Clive Edwards
250 ## - EDITION STATEMENT
Edition statement 3rd ed.
260 ## - PUBLICATION, DISTRIBUTION, ETC.
Place of publication, distribution, etc. London
Name of publisher, distributor, etc. Churchill Livingstone
Date of publication, distribution, etc. 2003
300 ## - PHYSICAL DESCRIPTION
Extent xiv, 937p.: ill.
350 ## - PRICE (NR) (BK AM CF MU VM SE) [OBSOLETE]
Price 0.00
650 #0 - SUBJECT ADDED ENTRY--TOPICAL TERM
Topical term or geographic name entry element PHARMACOLOGY
650 ## - SUBJECT ADDED ENTRY--TOPICAL TERM
Topical term or geographic name entry element PHARMACOLOGY, CLINICAL
650 ## - SUBJECT ADDED ENTRY--TOPICAL TERM
Topical term or geographic name entry element THERAPEUTICS
650 ## - SUBJECT ADDED ENTRY--TOPICAL TERM
Topical term or geographic name entry element CHEMOTHERAPY
650 #0 - SUBJECT ADDED ENTRY--TOPICAL TERM
Topical term or geographic name entry element PHARMACY
650 ## - SUBJECT ADDED ENTRY--TOPICAL TERM
Topical term or geographic name entry element DRUG THERAPY
650 ## - SUBJECT ADDED ENTRY--TOPICAL TERM
Topical term or geographic name entry element MEDICINE
700 ## - ADDED ENTRY--PERSONAL NAME
Personal name Walker, Roger
995 ## - RECOMMENDATION 995 [LOCAL, UNIMARC FRANCE]
-- 0.00
-- CBU-MAIN LIBRARY (Kitwe)
-- 1
-- 0.00
-- 1
-- AVAILABLE
-- May 28, 2009
-- Main Library Open Access Collection
Holdings
Withdrawn status Lost status Source of classification or shelving scheme Damaged status Not for loan Home library Current library Shelving location Date acquired Total Checkouts Full call number Barcode Date last seen Price effective from Koha item type
          CBU-MAIN LIBRARY, KITWE. CBU-MAIN LIBRARY, KITWE.   11/30/2022   RM 262 Cli 739905 11/30/2022 11/30/2022 MONOGRAPH